Normal view
MARC view
Entry Personal Name
001 - CONTROL NUMBER
- control field: 43962
003 - CONTROL NUMBER IDENTIFIER
- control field: dpl
005 - DATE AND TIME OF LATEST TRANSACTION
- control field: 20120320101700.0
008 - FIXED-LENGTH DATA ELEMENTS
- fixed length control field: 120320|||a|||||| | ||| d
040 ## - CATALOGING SOURCE
- Original cataloging agency: dpl
- Transcribing agency: dpl
100 ## - HEADING--PERSONAL NAME
- Personal name: धर्मकीर्ति
670 ## - SOURCE DATA FOUND
- Source citation: Work cat.: (dpl): धर्मकीर्ति, बुद्धकालीन वर्ण-व्यवस्था और जाति /, 2002
670 ## - SOURCE DATA FOUND
- Source citation: Work cat.: (dpl): धर्मकीर्ति, बुद्धकालीन वर्ण-व्यवस्था और जाति /, 2002
